banner

Esperando no se sabe qué: (Registro nro. 633)

000 -LEADER
fixed length control field 00785nam a2200241 a 4500
003 - CONTROL NUMBER IDENTIFIER
control field AR-BaISA
005 - DATE AND TIME OF LATEST TRANSACTION
control field 20220513153636.0
007 - PHYSICAL DESCRIPTION FIXED FIELD--GENERAL INFORMATION
fixed length control field ta
008 - FIXED-LENGTH DATA ELEMENTS--GENERAL INFORMATION
fixed length control field 190808s2019 ag ||||| |||| 00| 0 spa d
020 ## - INTERNATIONAL STANDARD BOOK NUMBER
International Standard Book Number 9789875386617
040 ## - CATALOGING SOURCE
Transcribing agency AR-BaISA
082 04 - DEWEY DECIMAL CLASSIFICATION NUMBER
Edition number 22
Classification number 371.1 L33
100 10 - MAIN ENTRY--PERSONAL NAME
9 (RLIN) 1211
Personal name Larrosa Bondia, Jorge
Relator term aut.
245 10 - TITLE STATEMENT
Title Esperando no se sabe qué:
Remainder of title sobre el oficio del profesor /
Statement of responsibility, etc. Jorge Larrosa Bondia
260 ## - PUBLICATION, DISTRIBUTION, ETC.
Place of publication, distribution, etc. Buenos Aires:
Name of publisher, distributor, etc. Noveduc,
Date of publication, distribution, etc. 2019
300 ## - PHYSICAL DESCRIPTION
Extent 388 p.
490 1# - SERIES STATEMENT
Serie Perfiles
Volume/sequential designation ; 6
505 ## - FORMATTED CONTENTS NOTE
Title Después del tsunami --
-- Elogios y elegías --
-- Incidencias y coincidencias --
-- Epílogo. El hueco que deja el diablo
650 14 - SUBJECT ADDED ENTRY--TOPICAL TERM
9 (RLIN) 290
Topical term or geographic name entry element Docencia
Form subdivision condiciones de trabajo
650 14 - SUBJECT ADDED ENTRY--TOPICAL TERM
9 (RLIN) 287
Topical term or geographic name entry element Educación
830 #0 - SERIES ADDED ENTRY--UNIFORM TITLE
9 (RLIN) 1518
Uniform title Perfiles
Volume/sequential designation 6
942 ## - ADDED ENTRY ELEMENTS (KOHA)
Source of classification or shelving scheme
Koha item type Libros
Existencias
Withdrawn status Lost status Source of classification or shelving scheme Damaged status Not for loan Permanent Location Current Location Date acquired Inventory number Full call number Barcode Date last seen Price effective from Koha item type Total Checkouts Date last checked out
          Biblioteca ISALUD. Dr. Néstor Rodríguez Campoamor Biblioteca ISALUD. Dr. Néstor Rodríguez Campoamor 2019-08-08 4043 371.1 L33 4043 2019-08-08 2019-08-08 Libros    
          Biblioteca ISALUD. Dr. Néstor Rodríguez Campoamor Biblioteca ISALUD. Dr. Néstor Rodríguez Campoamor 2019-08-08 4044 371.1 L33 4044 2024-05-10 2019-08-08 Libros 1 2024-04-12
          Biblioteca ISALUD. Dr. Néstor Rodríguez Campoamor Biblioteca ISALUD. Dr. Néstor Rodríguez Campoamor 2019-08-08 4045 371.1 L33 4045 2019-08-08 2019-08-08 Libros